عرض عادي
عرض مارك
- الدولة
دخول Topical Term
001 - CONTROL NUMBER
- control field: 15088
003 - CONTROL NUMBER IDENTIFIER
- control field: AE-AdECS
005 - DATE AND TIME OF LATEST TRANSACTION
- control field: 20250428103557.0
008 - FIXED-LENGTH DATA ELEMENTS
- fixed length control field: 250428|| aca||aabn | a|a d
040 ## - CATALOGING SOURCE
- Original cataloging agency: AE-AdECS
- Transcribing agency: AE-AdECS
150 ## - HEADING--TOPICAL TERM
- Topical term or geographic name entry element: الدولة
- General subdivision: فلسفة
670 ## - SOURCE DATA FOUND
- Source citation: Work cat.: (AE-AdECS)290381: بوخريسة، بوبكر، مؤلف. 15086, الدين و الدولة و الديمقراطية من زاوية أركونية /
